Detalles MARC
| 000 -CABECERA |
| campo de control de longitud fija |
01693nam a22002417a 4500 |
| 003 - IDENTIFICADOR DEL NÚMERO DE CONTROL |
| campo de control |
DO-SdBNP |
| 005 - FECHA Y HORA DE LA ÚLTIMA TRANSACCIÓN |
| campo de control |
20230125125932.0 |
| 007 - CAMPO FIJO DE DESCRIPCIÓN FÍSICA--INFORMACIÓN GENERAL |
| campo de control de longitud fija |
ta |
| 008 - DATOS DE LONGITUD FIJA--INFORMACIÓN GENERAL |
| campo de control de longitud fija |
220317b2012 a|||| |||| 00| 0 spa d |
| 020 ## - NÚMERO INTERNACIONAL ESTÁNDAR DEL LIBRO |
| Número Internacional Estándar del Libro |
2789945481228 |
| 040 ## - FUENTE DE LA CATALOGACIÓN |
| Centro catalogador/agencia de origen |
DO-SdBNP |
| Lengua de catalogación |
spa |
| Centro/agencia transcriptor |
BNPHU |
| 082 #4 - NÚMERO DE LA CLASIFICACIÓN DECIMAL DEWEY |
| Número de edición |
22 |
| Número de documento/Ítem |
G934h |
| 100 ## - ENTRADA PRINCIPAL--NOMBRE DE PERSONA |
| Nombre de persona |
Guerrero, Miguel, |
| Fechas asociadas al nombre |
1945- |
| 9 (RLIN) |
14303 |
| 245 13 - MENCIÓN DE TÍTULO |
| Título |
La herencia trágica del populismo / |
| Mención de responsabilidad, etc. |
Miguel Guerrero ; prólogo, Fausto Rosario Adames |
| 260 ## - PUBLICACIÓN, DISTRIBUCIÓN, ETC. |
| Lugar de publicación, distribución, etc. |
Santo Domingo : |
| Nombre del editor, distribuidor, etc. |
Centenario, |
| Fecha de publicación, distribución, etc. |
2012 |
| 300 ## - DESCRIPCIÓN FÍSICA |
| Extensión |
210 p. : |
| Otras características físicas |
il. ; |
| Dimensiones |
24 cm. |
| 500 ## - NOTA GENERAL |
| Nota general |
Incluye datos biográficos del autor en la solapa de la contracubierta |
| 505 ## - NOTA DE CONTENIDO CON FORMATO |
| Nota de contenido con formato |
Breve explicación y agradecimientos.-- Prólogo.-- Introducción |
| Información miscelánea |
Capítulo I |
| Título |
Todo mal tiene un inicio.-- |
| Información miscelánea |
Capítulo II |
| Título |
La imagen cruda de la pobreza.-- |
| Información miscelánea |
Capítulo III. |
| Título |
El paraíso virtual en que vivimos.-- |
| Información miscelánea |
Capítulo IV. |
| Título |
La estructura elitista de la sociedad.-- |
| Información miscelánea |
Capítulo V. |
| Título |
El desequilibrio social y los factores internos que lo generan.-- |
| Información miscelánea |
Capítulo VI. |
| Título |
La falta de transparencia en el ámbito público.-- |
| Información miscelánea |
Capítulo VII. |
| Título |
La frágil seguridad ciudadana.-- |
| Información miscelánea |
Capítulo VIII. |
| Título |
El empobrecimiento de la clase media y los logros del milenio.-- |
| Información miscelánea |
Capítulo IX. |
| Título |
La necesaria valoración del voto.-- |
| Información miscelánea |
Capítulo X. |
| Título |
La deuda externa y el desempleo |
| Información miscelánea |
Capítulo XI |
| Título |
Cuando la moderación cede el espacio al ruido.-- |
| Información miscelánea |
Capítulo XII. |
| Título |
El peligro de la unanimidad y la mentira como arma política.-- |
| Información miscelánea |
Capítulo XIII. |
| Título |
Competitividad, seguridad jurídica y ciudadana.-- |
| Información miscelánea |
Capítulo XIV. |
| Título |
En el reino de la Corrupción.-- |
| -- |
Palabras finales. |
| 590 ## - NOTA LOCAL (RLIN) |
| Nota local |
Inventariado, 2022/BT |
| 700 1# - PUNTO DE ACCESO ADICIONAL--NOMBRE DE PERSONA |
| Nombre de persona |
Rosario Adames, Fausto, |
| Término indicativo de función/relación |
pról. |
| 9 (RLIN) |
14484 |
| 910 ## - DATOS DE OPCIÓN DEL USUARIO (OCLC) |
| Datos de opción del usuario |
Btavárez |
| 942 ## - ELEMENTOS DE PUNTO DE ACCESO ADICIONAL (KOHA) |
| Fuente del sistema de clasificación o colocación |
Dewey Decimal Classification |
| Tipo de ítem Koha |
Libro |